Normal view
MARC view
- Sabatini, Richard
Entry Personal Name
001 - CONTROL NUMBER
- control field: 99176
003 - CONTROL NUMBER IDENTIFIER
- control field: NUST
005 - DATE AND TIME OF LATEST TRANSACTION
- control field: 20221005162219.0
008 - FIXED-LENGTH DATA ELEMENTS
- fixed length control field: 221005|| aca||aabn | a|a d
040 ## - CATALOGING SOURCE
- Original cataloging agency: NUST
- Transcribing agency: NUST
100 ## - HEADING--PERSONAL NAME
- Personal name: Sabatini, Richard
670 ## - SOURCE DATA FOUND
- Source citation: Work cat.: (NUST)0: McGann, James G. 99174, Global think tanks :, 2011.
